|
|
|
|
| LEADER |
00000nam0a2200000 4500 |
| 001 |
308099 |
| 005 |
20231102002047.0 |
| 020 |
|
|
|a RU
|b 81-74318
|
| 035 |
|
|
|a (RuTPU)RU\TPU\book\333408
|
| 090 |
|
|
|a 308099
|
| 100 |
|
|
|a 20151028d1981 km y0rusy5003 ca
|
| 101 |
0 |
|
|a rus
|
| 102 |
|
|
|a RU
|
| 105 |
|
|
|a a z 001zy
|
| 200 |
1 |
|
|a Предупреждение статической электризации полимеров
|f Ю. И. Василенок
|
| 205 |
|
|
|a 2-е изд., перераб.
|
| 210 |
|
|
|a Ленинград
|c Химия
|d 1981
|
| 215 |
|
|
|a 208 с.
|c ил.
|
| 320 |
|
|
|a Библиогр.: с. 201-208
|
| 606 |
1 |
|
|a Полимеры
|x Электростатические свойства
|2 stltpush
|3 (RuTPU)RU\TPU\subj\50335
|9 69026
|
| 610 |
1 |
|
|a строение
|
| 610 |
1 |
|
|a статическая электризация
|
| 610 |
1 |
|
|a поверхностно-активные вещества
|
| 610 |
1 |
|
|a наружные антистатики
|
| 610 |
1 |
|
|a внутренние антистатики
|
| 610 |
1 |
|
|a углеродные наполнители
|
| 610 |
1 |
|
|a антистатизация
|
| 610 |
1 |
|
|a применение
|
| 675 |
|
|
|a 678.019.3
|v 4
|
| 700 |
|
1 |
|a Василенок
|b Ю. И.
|g Юрий Иосифович
|
| 801 |
|
0 |
|a RU
|b RuMRKP
|c 19950704
|g psbo
|
| 801 |
|
1 |
|a RU
|b 63413507
|c 20151028
|
| 801 |
|
2 |
|a RU
|b 63413507
|c 20171013
|g RCR
|
| 942 |
|
|
|c BK
|